[Event "Pamplona 9798 8th"]
[Site "Pamplona"]
[Date "1998.01.04"]
[Round "8"]
[White "De la Villa Garcia, Jesus Maria"]
[Black "Arizmendi Martinez, Julen Luis"]
[Result "1-0"]
[WhiteElo "2485"]
[BlackElo "2470"]
[Annotator "Mueller,Karsten"]
[PlyCount "89"]
[EventDate "1997.12.28"]
[EventType "tourn"]
[EventRounds "9"]
[EventCountry "ESP"]
[EventCategory "13"]
[SourceTitle "CBM 063"]
[Source "ChessBase"]
[SourceDate "1998.03.26"]
[SourceVersion "1"]
[SourceVersionDate "1998.03.26"]
[SourceQuality "1"]

1. e4 d5 2. exd5 Nf6 3. Be2 Qxd5 4. Nf3 Bg4 5. d4 Nc6 6. c4 Qh5 $6 7. Be3 O-O-O
8. Nbd2 $1 {zwingt Schwarz, alles auf eine Karte zu setzen. Denn Weiß steht
deutlich besser, wenn er sich in Ruhe zuende entwickeln kann.} e5 (8... Qa5 9.
O-O e6 10. a3 Qh5 11. Re1 {/\12.h3} Qg6 12. b4 $16 {Paoli,E-Canal,J/Venedig
1949/MCL 07/[Ftacnik]/1-0 (59)}) 9. d5 Nd4 10. Nxd4 (10. Bxd4 $6 exd4 11. Nxd4
Bc5 $44) 10... exd4 11. Bxd4 Bb4 (11... Bxe2 12. Qxe2 Re8 13. Be3 Qg4 14. f3
Qg6 15. O-O-O Bc5 16. Nf1 {und Schwarz hat nicht genügend Kompensation für den
Bauern.}) (11... Bd6 12. Bxg4+ Nxg4 13. h3 Be5 14. Be3 $16) 12. f3 Bxf3 13.
gxf3 (13. Bxf3 Qh4+ 14. Bf2 Rhe8+ 15. Kf1 Qf4 16. Nb3 Qxc4+ 17. Kg1 Nxd5 18.
Qd4 $16) 13... Nxd5 $5 14. cxd5 (14. a3 $2 Nf4 $1 15. axb4 Rxd4 16. Rxa7 Qh4+
17. Kf1 Qh3+ 18. Ke1 Qg2 19. Ra8+ Kd7 20. Rxh8 Qxh1+ 21. Kf2 Qxh2+ 22. Ke3 Ne6
$19) 14... Rxd5 15. Qc2 Rxd4 (15... Qh4+ 16. Bf2 Bxd2+ 17. Qxd2 Qxf2+ 18. Kxf2
Rxd2 19. b3 $16) 16. O-O-O Qh6 17. a3 Bxd2+ 18. Rxd2 Rhd8 19. Rhd1 Qf4 ({nach} 
19... R8d6 {wird die Fesselung auf folgende Weise abgeschüttelt:} 20. Qf5+ Kb8
21. f4 Rxf4 22. Rxd6 cxd6 23. Qd7 $16) (19... R8d5 $5 20. Bc4 Rd6 21. Qc3 Qf4 (
21... Rxc4 $2 22. Qxc4 Rc6 23. Kb1 Qxd2 24. Qg4+ $18) 22. b3 h6 23. Kc2 $14)
20. Qc3 R8d6 21. Kc2 Rxd2+ (21... Rc6 22. Rxd4 Rxc3+ 23. bxc3 $18) (21... Qf5+
22. Kb3 Qd5+ 23. Bc4 Rxd2 24. Bxd5 Rxd1 25. Be4 $16) 22. Rxd2 Rxd2+ 23. Qxd2
Qxh2 {zwar hat Schwarz mit den drei Bauern für den Läufer materiell ein
ausreichendes Äquivalent, doch sind die Bauern alle noch weit hinten, was
zusammen mit der Anwesenheit von Damen Weiß begünstigt.} 24. Qe3 Kd8 25. Kb1
Qh4 26. Ka2 a6 $2 (26... Qe7 $5 27. Qd4+ Qd7 28. Qc5 $14) 27. Qb3 $1 $18 Qe7
28. Bc4 c6 29. Bxf7 Kc7 30. Qc4 g6 31. Qf4+ Kb6 32. Qd4+ Kc7 33. Qg7 g5 34.
Qxh7 Kb6 35. Qf5 Qe3 36. Bc4 a5 37. Qd3 Qc5 38. Qc3 Ka7 39. Be6 Qb6 40. Qe5 Qd8
41. Qc5+ Kb8 42. Qe3 Ka8 43. Kb3 Qd1+ 44. Kc3 Qd6 45. Bg4 1-0

[Event "Sarkisov Memorial"]
[Site "Krasnodar"]
[Date "1999.??.??"]
[Round "4.3"]
[White "Tseshkovsky, Vitaly"]
[Black "Beshukov, Sergei"]
[Result "1-0"]
[WhiteElo "2556"]
[BlackElo "2511"]
[Annotator "Mueller,Karsten"]
[PlyCount "53"]
[EventDate "1999.??.??"]
[EventType "tourn"]
[EventRounds "14"]
[EventCountry "RUS"]
[EventCategory "9"]
[SourceTitle "CBM 075"]
[Source "ChessBase"]
[SourceDate "2000.04.05"]
[SourceVersion "1"]
[SourceVersionDate "2000.04.05"]
[SourceQuality "1"]

1. e4 d5 2. exd5 Nf6 3. d4 Bg4 4. Nf3 Qxd5 5. Nc3 Qh5 6. Bf4 (6. Be2 {wird
häufiger als der Textzug gespielt.}) 6... Bxf3 7. gxf3 (7. Qxf3 Qxf3 8. gxf3 c6
9. O-O-O e6 10. Ne4 Nbd7 11. c4 $13 {1-0 Kobese,A-Fernandes,A/Moscow 1994/EXP
44 (41)}) 7... c6 8. Qe2 Nbd7 9. O-O-O O-O-O $6 ({Auch nach} 9... e6 {hat Weiß
durch seinen Entwicklungsvorsprung und das Läuferpaar Kompensation für die
geschwächte Bauernstruktur.}) 10. d5 $1 Nxd5 (10... Nc5 11. dxc6 Rxd1+ 12. Qxd1
bxc6 13. Bc4 $36) 11. Nxd5 cxd5 12. Qe3 Nb8 $1 (12... e5 $2 13. Rxd5 Bb4 14.
Qe4 $16) 13. Rg1 (13. Qxa7 e5 14. Bg3 Nc6 15. Qb6 $14) 13... d4 $2 (13... Nc6
$142 $1) 14. Rxd4 Rxd4 15. Qxd4 Nc6 16. Qe4 h6 (16... e5 17. Ba6 Kc7 18. Rg5
Qh3 19. Rxe5 Bd6 20. Re7+ Nxe7 21. Qxe7+ Qd7 22. Bxd6+ $18) 17. Ba6 $3 {
[%mdl 128]} Qc5 $1 (17... bxa6 $2 18. Qxc6+ Kd8 19. Rd1+ Qd5 20. Rxd5#) 18. Be3
Qd6 19. Rd1 Qc7 $2 (19... Qg6 {war von Nöten, obwohl es nach} 20. Qxg6 fxg6 21.
Bd3 $16 {düster aussieht.}) 20. Bf4 $18 e5 21. Qf5+ Kb8 22. Rd7 exf4 (22... Bd6
$5 23. Rxc7 Bxc7 24. Qxf7 exf4 25. Qxg7 $18) 23. Rxc7 Kxc7 24. Qxf7+ Be7 25.
Bb5 Kd6 26. Qxg7 Rf8 27. Bxc6 (27. Bxc6 bxc6 28. Qxh6+ Rf6 29. Qg7 $18) 1-0

[Event "EU-ch 3rd"]
[Site "Batumi"]
[Date "2002.06.14"]
[Round "3"]
[White "Kotronias, Vasilios"]
[Black "Godena, Michele"]
[Result "1-0"]
[WhiteElo "2580"]
[BlackElo "2481"]
[Annotator "Mueller,Karsten"]
[PlyCount "63"]
[EventDate "2002.06.12"]
[EventType "swiss"]
[EventRounds "13"]
[EventCountry "GEO"]
[SourceTitle "CBM 090"]
[Source "ChessBase"]
[SourceDate "2002.09.20"]
[SourceVersion "1"]
[SourceVersionDate "2002.09.20"]
[SourceQuality "1"]

1. e4 d5 2. exd5 Qxd5 3. Nc3 Qd6 4. d4 Nf6 5. Nf3 a6 6. g3 Bg4 7. Bg2 Nc6 8.
O-O O-O-O 9. d5 $5 {dieser direkte Vorstoß leitet einen gefährlichen Angriff
ein. Im Moment sind die Schwarzen wieder gefragt, die stürmische See zu
meistern.} Nb4 (9... Nxd5 $2 10. Qxd5 Qxd5 11. Nxd5 Rxd5 12. Ng5 $14 {/+/-})
10. h3 Bh5 (10... Bxf3 11. Qxf3 Nbxd5 (11... Nxc2 $2 12. Qf5+ $18) (11... g6
12. Bf4 $36) 12. Rd1 e6 13. Nxd5 exd5 14. c4 c6 15. cxd5 Nxd5 16. Qxf7 Qd7 $14)
11. Bf4 Qc5 (11... Qd7 $2 12. Qd4 Bxf3 13. Qa7 Qf5 14. Bxf3 Nxc2 15. d6 $18)
12. Be3 Qa5 $6 {im Lichte der neuesten Partien sieht dieser Zug sehr gewagt
aus.} ({Ich rege daher} 12... Qd6 {an. Die folgenden Varianten sind noch nicht
voll ausgereift und ich bin schon auf weitere Partien hierzu gespannt!} 13. Bf4
(13. Qd4 Bxf3 (13... Nxc2 14. Qa7 Bxf3 15. Bc5 Qxc5 16. Qxc5 Bxg2 17. Kxg2 Nxa1
18. Rxa1) 14. Bxf3 Nxc2 15. Qa7 Nxe3 16. fxe3 Qxg3+ 17. Bg2 Kd7 18. Rad1 Ke8
19. e4 e6 20. Rf3 Qe5 21. Qxb7 Bc5+ 22. Kf1 Ke7 $17 {(Melts)
Wozniak-Konikowski, Internet 1999-2000.}) (13. g4 $5 Bg6 14. Qd4 {this move
must be analysed very carefully. I only give some ideas. Dies muss sehr genau
geprüft werden. Ich gebe nur einige Ideen an:} (14. Nd4 Nbxd5 15. Qf3 e5) 14...
Nxc2 (14... Nfxd5 15. Nxd5 (15. Qa7 c6) 15... Nxd5 16. Qa7 Nxe3 17. fxe3 c6 18.
Ng5 Qg3) 15. Qa7 Nxa1 (15... Nxe3 16. fxe3 Qb6 17. Qxb6 cxb6 18. Ne5 $13 {
(Melts)}) 16. Bc5 Qf4 17. Be3 Qd6 18. Rxa1 e5 19. dxe6 (19. Na4) 19... fxe6 20.
Qa8+ Kd7 21. Qxb7 Ke8 22. Rd1 Be4) 13... Qc5 (13... e5 $2 14. Bxe5 Bxf3 15.
Bxd6 Bxd1 16. Bxf8 Rhxf8 17. Rfxd1 $16) 14. Be3 (14. g4 $2 Nbxd5) 14... Qd6)
13. g4 $1 (13. Qd4 Nxc2 (13... Nfxd5 14. Qa7 Nxe3 15. fxe3 $13) 14. Qa7 Bxf3
15. Bxf3 Nxe3 (15... Qb4 $2 16. Bc5 Qxb2 17. Rab1 Qxc3 18. Qxb7+ Kd7 19. Qc6+
Kc8 20. d6 $18) 16. Qa8+ {Nataf forciert lieber remis als sich auf} (16. fxe3
Qb6 17. Qxb6 cxb6 $13 {einzulassen.}) 16... Kd7 17. Qxb7 Nxf1 18. Qc6+ Kc8 19.
Qa8+ Kd7 20. Qc6+ Kc8 21. Qa8+ {1/2-1/2 Nataf,I-Fressinet,L/Vichy 2000/CBM 79/
[Mueller,Karsten] (21)}) 13... Nbxd5 $2 $146 (13... Bg6 14. Nd4 $1 {and
White's attack is very dangerous, e.g. und der weiße Angriff ist sehr
gefährlich, z.B.} (14. Qd4 {1-0 Dochev,D-Panbukchian,V/BUL-ch 1994/TD 94\03 
(42). (41)}) 14... Nbxd5 (14... Rxd5 $5) 15. Nb3 Qb4 16. Nxd5 Nxd5 17. Bxd5 e6
18. c3 Qb5 19. c4 Qe8 20. Bxb7+ Kxb7 21. Qf3+ c6 22. Na5+ Kc7 23. Bf4+ Bd6 24.
Qe3) 14. Nxd5 Rxd5 (14... Nxd5 15. Bd2 Qc5 16. gxh5 Nf4 17. Re1 $16) 15. Bd2
Rxd2 16. Qxd2 $16 Qxd2 17. Nxd2 Bg6 18. Nc4 e6 (18... Bxc2 19. Rac1 Bg6 20.
Rfd1 c6 21. Ne5 e6 22. g5 Nh5 23. Nxc6 bxc6 24. Rxc6+ $18) 19. Rfd1 Be7 20. Ne5
Ne8 (20... Bxc2 21. Nxf7 Bxd1 22. Nxh8 Be2 23. Re1 Bc4 24. b3 $16) 21. c4 f6
22. Nxg6 hxg6 23. b4 Nd6 (23... Bxb4 $6 24. Rab1 c5 25. a3 Bxa3 26. Rxb7 Bb4
27. Rb6 e5 28. Rxa6 Nc7 29. Rb6 $18) 24. c5 Nb5 (24... Nf7 $5) 25. a4 Na7 26.
Rd2 g5 27. Re2 (27. Re1 $5 e5 28. Red1 a5 29. Rd7 Rd8 30. Rxd8+ Bxd8 31. b5 Be7
32. Be4 $18) 27... e5 28. Be4 $6 (28. Rd2 {is more precise. ist genauer.})
28... a5 $2 (28... Rxh3 29. Rd1 Rh4 (29... Kb8 $2 30. Rd7 Nc8 31. f3 a5 32. c6
b6 33. bxa5 bxa5 34. Rb2+ Bb4 35. Rd8 $18) 30. Bf5+ (30. f3 a5) 30... Kb8 31.
Rd7 g6 {und Schwarz kann jeweils noch Widerstand leisten.}) 29. bxa5 Bxc5 30.
Rb2 $2 (30. Rb1 c6 31. Reb2 $18) 30... b6 $2 {Black returns the compliment
Schwarz revanchiert sich umgehend} (30... Bd4 $1 31. Bxb7+ Kb8 (31... Kd7 $6
32. Rd1 Rxh3 33. Bg2 Ra3 34. Rb7 $16) 32. Rb3 Bxa1 33. Be4+ Nb5 {und Schwarz
darf auf einmal wieder Hoffnung hegen. Allerdings sind die weißen
Gewinnchancen aufgrund seiner aktiven Figuren nicht zu unterschätzen. Von
einer totalen Gewinnstellung wie nach Tb1 kann natürlich keine Rede sein.} (
33... Kc8 $2 34. Bf5+ Kd8 35. Rb8+ $18)) 31. axb6 cxb6 (31... Bxb6 32. Bf5+ Kd8
33. Rd1+ Ke8 34. a5 $18) 32. a5 (32. a5 Kc7 33. axb6+ Bxb6 34. Rc1+ $18) 1-0

[Event "BIH-chT"]
[Site "Neum"]
[Date "2002.06.03"]
[Round "2.2"]
[White "Varga, Zoltan"]
[Black "Savic, Miodrag R"]
[Result "1/2-1/2"]
[WhiteElo "2495"]
[BlackElo "2498"]
[Annotator "Mueller,Karsten"]
[PlyCount "55"]
[EventDate "2002.06.02"]
[EventType "team"]
[EventRounds "9"]
[EventCountry "BIH"]
[SourceTitle "CBM 090"]
[Source "ChessBase"]
[SourceDate "2002.09.20"]
[SourceVersion "1"]
[SourceVersionDate "2002.09.20"]
[SourceQuality "1"]
[WhiteTeam "Sarajevo Napredak"]
[BlackTeam "Sokolac"]
[WhiteTeamCountry "BIH"]
[BlackTeamCountry "BIH"]

1. e4 d5 2. exd5 Qxd5 3. d4 Nc6 4. Be3 e5 5. c4 {hiermit scheint Weiß keinen
Vorteil herausholen zu können.} (5. Nf3 Bg4 6. Be2 exd4 7. Nc3 Qh5 8. Nxd4 Bxe2
9. Qxe2 Qxe2+ 10. Ncxe2 Nxd4 11. Nxd4 O-O-O $11 {/+/=}) (5. Ne2 $6 Bg4 6. Nbc3
(6. f3 Bxf3 7. Nbc3 Bb4 8. Bd2 Bxc3 9. Nxc3 Bxd1 10. Nxd5 O-O-O $15 {/-/+ 
(Myers)}) 6... Bb4 7. dxe5 Qxe5 $36 {(Wahls)}) (5. Nc3 Bb4 6. Qd2 (6. Nge2 $6
Bg4 $15 {1-0 Castillo,O-Silveirinha,J/Moscow 1994/EXP 44 (34)}) (6. a3 $6 Bxc3+
7. bxc3 Nf6 (7... Bf5 8. Nf3 O-O-O 9. Be2 exd4 10. cxd4 Qa5+ 11. Bd2 Qa4 12. c3
Bc2 13. Qc1 Re8 14. Be3 Nf6 15. O-O Nd5 $15 {0-1 Kroencke,U-Berlin,D/RLN 1983/
BIG 80 (26)}) 8. h3 Qa5 $15 {0-1 Ozaki,Y-Cots Paltor,J/Elista 1998/CBM Extra
66 (61)}) 6... Bxc3 (6... exd4 $4 7. Nxd5 dxe3 8. Qxb4 $18) 7. bxc3 Nf6 8. c4
Qd6 (8... Qe4 $5 9. f3 Qg6 10. d5 Ne7 11. Bc5 Nd7 12. Bd3 $2 (12. Ba3 $142)
12... Qf6 13. Bb4 $2 e4 14. Bc3 e3 $19 {0-1 Fuentes,A-Ravazzoli,O/Martinez
Valle 1993/EXT 97 (54)}) 9. d5 Nd4 (9... Ne7 10. Ne2 Ne4 11. Qd3 Bf5 12. Qb3
O-O 13. Ng3 $13 {1-0 Adamek,F-Spal,M/Klatovy 1996/EXT 97 (32)}) 10. f3 (10.
Bxd4 $6 exd4 11. Nf3 (11. Qxd4 O-O 12. Be2 Re8 $36) 11... O-O 12. Nxd4 Re8+ 13.
Be2 Ne4 $36) 10... O-O 11. g4 $13 {0-1 Thorhallsson,T-Forster,R/Bermuda 1999 
(28)}) 5... Qa5+ 6. Bd2 (6. Nc3 $2 exd4 7. Bxd4 Be6 8. Be3 Nf6 $15) (6. Qd2 $2
Qxd2+ 7. Nxd2 Nxd4 $17) 6... Bb4 7. d5 Bxd2+ (7... Nd4 8. Bd3 Nf6 (8... Bxd2+
9. Qxd2 Qxd2+ 10. Nxd2 Nf6 11. Ne2 Nxe2 12. Kxe2 O-O 13. f3 a5 14. Kf2 Nd7 15.
b3 Nc5 {1/2-1/2 Suhail,T-Niedermayr,H/Velden 1994/TD 94\02 (15)}) 9. Nc3 O-O
10. Nge2 Bg4 11. a3 Bxc3 12. Bxc3 Qb6 13. b4 (13. f3 $5) 13... Bxe2 14. Bxe2
Ne4 15. Bxd4 exd4 16. O-O Rae8 17. Bf3 f5 18. Qd3 Nc3 19. Rfe1 Qf6 20. Kf1 {
1/2-1/2 Auer,H-Sailer,W/Bad Woerishofen 2000/CBM 75 ext (20)}) 8. Qxd2 (8. Nxd2
Nd4 9. Bd3 Nf6 10. Ne2 Bg4 $11 {1/2-1/2 Hansen,C-Fries Nielsen,N/DEN-ch Aarhus
1981/MCD-ch (41). (41)}) 8... Qxd2+ 9. Kxd2 Nd4 (9... Nce7 10. Nc3 Bd7 11. Re1
f6 12. Bd3 O-O-O 13. Nge2 Nh6 14. f4 $14) 10. Nc3 f6 11. Re1 Ne7 12. f4 $5 exf4
13. Re4 Ndf5 14. Rxf4 Bd7 15. Bd3 O-O-O 16. Nge2 (16. Nf3 $5 g5 17. Re4 Ng6 18.
c5 $14) 16... Nd6 17. c5 Nf7 18. c6 Be8 19. cxb7+ Kb8 (19... Kxb7 20. Rb4+ Ka8
(20... Kc8 $2 21. Nf4 Rd6 22. Rc1 $16) 21. Nf4 Bd7 22. Re1 Ne5 $11) 20. Rd4 (
20. Rg4 g6 21. Rd4 c5 22. Rc4 Nxd5 23. Rxc5 Nb4 24. Rc8+ Rxc8 25. bxc8=Q+ Kxc8
$11) 20... Ne5 21. Be4 c5 $1 22. dxc6 Bxc6 23. Kc2 Rxd4 24. Nxd4 Bxb7 25. Bxb7
Kxb7 26. g3 Rc8 27. Ne6 Nf5 28. Kb1 1/2-1/2

[Event "GER-ch 74th"]
[Site "Saarbruecken"]
[Date "2002.11.24"]
[Round "3"]
[White "Bastian, Herbert"]
[Black "Becking, Stephan"]
[Result "0-1"]
[WhiteElo "2376"]
[BlackElo "2315"]
[Annotator "Mueller,Karsten"]
[PlyCount "80"]
[EventDate "2002.11.22"]
[EventType "swiss"]
[EventRounds "9"]
[EventCountry "GER"]
[SourceTitle "CBM 093"]
[Source "ChessBase"]
[SourceDate "2003.04.01"]
[SourceVersion "1"]
[SourceVersionDate "2003.04.01"]
[SourceQuality "1"]

1. e4 d5 2. e5 c5 3. g3 Nc6 4. f4 Bf5 5. Bg2 Qd7 (5... e6 6. Nf3 Be7 7. Nc3 $6
d4 8. Nb5 Nb4 9. Na3 Qd7 (9... d3 $5) 10. d3 h5 11. h3 Nd5 12. Qe2 Nh6 13. Nc4
$11 {/=/+ 0-1 Ricci,A-Niedermayr,H/Arco 1998/EXT 2000 (40). (40)}) (5... h5 6.
Nc3 e6 7. d3 Be7 8. h4 $2 (8. Nf3 $142) 8... Nh6 9. Bd2 Bg4 10. Bf3 Nd4 $15 {
/-/+ 1-0 Caruso,D-Cirabisi,F/Celle Ligure 1995/EXT 99 (51)}) 6. Nc3 e6 7. d3 f6
8. Nf3 d4 9. Nb1 $5 {als Preis der Öffnung der Diagonale a1-h8 nimmt Weiß
diesen Zeitverlust in Kauf} h5 10. O-O Nh6 11. Na3 {originell: beide Rösser
stehen am Brettrand gut} Be7 12. exf6 $6 {diese Öffnung von Linien gegen den
eigenen König kann nicht überzeugen.} (12. Nc4 $5) 12... gxf6 13. Nh4 O-O-O 14.
Nxf5 Nxf5 15. Nc4 Rdg8 16. Qf3 Nb4 (16... Nh6 $5 {gefällt mir noch besser.})
17. Bd2 Nd5 18. Rae1 h4 19. g4 h3 $5 {öffnet dem Angriff mehr Zugstraßen} 20.
Bxh3 b5 21. Na5 $2 (21. Na3 $142 $13) 21... Bd8 $1 22. Kh1 Nfe3 23. c4 Nxf1 $2
(23... Qh7 24. cxd5 (24. Bxe3 Bxa5 25. cxd5 Qxh3 $17) 24... Qxh3 25. Qxh3 Rxh3
26. Bxe3 Bxa5 $17) 24. Bxf1 Bxa5 25. Bxa5 bxc4 26. dxc4 Nb6 (26... Nc7 27. Bg2
Qd6 28. Rxe6 Qxe6 29. Qb7+ Kd7 30. Qxc7+ Ke8 31. Bd5 (31. Qb8+ Kf7 32. Qxa7+
Qe7 33. Bd5+ Kf8 34. Qxe7+ Kxe7 35. Bxg8 Rxg8 $13) 31... Rxh2+ 32. Kxh2 Rh8+
33. Kg3 Qe3+ 34. Bf3 Qg1+ 35. Bg2 Qe3+ $11) 27. Bg2 (27. Bxb6 axb6 28. Qa8+ Kc7
29. Qa7+ Kc8 $11) 27... Kd8 28. b4 $1 Ke7 29. bxc5 Nxc4 30. Bb4 Kf7 (30... Qc8
$5) 31. c6 Qc8 32. Bc5 Ne3 33. Rb1 $2 (33. Bxd4 {war vonnöten, z.B.} Nxg2 34.
Qxg2 Rh4 35. f5 Rgxg4 36. fxe6+ Ke8 37. Qd5 Rxd4 38. Qd7+ Qxd7 39. exd7+ Kd8
40. Re8+ Kc7 41. Rc8+ Kb6 42. d8=Q+ Rxd8 43. Rxd8 Kxc6 $11) 33... Rxg4 $19 34.
Rb7+ Kg6 35. Bf1 (35. Qe4+ f5 36. Qxd4 (36. Rg7+ Kxg7 37. Bxd4+ Kf7 38. Qxe3
Rxg2 $19) 36... Rxg2 37. Rg7+ Kh5 38. Rxg2 Nxg2 39. Kxg2 Qxc6+ 40. Kf2 Rg8 $19)
35... Rxh2+ $1 36. Kxh2 Nxf1+ 37. Qxf1 Qh8+ 38. Qh3 Rh4 39. Qxh4 (39. Rb3 Rxh3+
40. Rxh3 Qb8 41. Rg3+ Kf5 42. Bxd4 Qc7 $19) 39... Qxh4+ 40. Kg2 Qg4+ (40...
Qg4+ 41. Kh1 Qf3+ 42. Kg1 Qxc6 $19) 0-1

[Event "FIDE-Wch k.o."]
[Site "New Delhi/Teheran"]
[Date "2000.12.06"]
[Round "4.1"]
[White "Morozevich, Alexander"]
[Black "Tkachiev, Vladislav"]
[Result "1/2-1/2"]
[WhiteElo "2756"]
[BlackElo "2657"]
[Annotator "Mueller,Karsten"]
[PlyCount "59"]
[EventDate "2000.11.27"]
[EventType "k.o."]
[EventRounds "7"]
[EventCountry "IND"]
[SourceTitle "CBM 081"]
[Source "ChessBase"]
[SourceDate "2001.03.20"]
[SourceVersion "1"]
[SourceVersionDate "2001.03.20"]
[SourceQuality "1"]

{Bei den Kommentaren zur folgenden Partie stütze ich mich auf eine Analyse von
Dirk Poldauf in Schach 1/2001.} 1. e4 d5 2. exd5 Qxd5 3. Nc3 Qa5 4. d4 Nf6 5.
Bc4 Bg4 6. Nge2 Nc6 7. f3 Bh5 8. Bd2 O-O-O 9. a3 (9. Nd5 Qa4 10. Bb3 (10. b3
Qa3 11. Nxf6 gxf6 12. Nf4 {1/2-1/2 Rogic,D-Golubovic,B/Pula CRO 2000/The Week
in Chess 271 (12)}) 10... Qa6 11. Nxf6 gxf6 12. d5 Na5 13. Nf4 Bg6 14. Qe2
Qxe2+ 15. Kxe2 Nxb3 16. axb3 a6 17. c4 {1/2-1/2 Hamdouchi,H-Tkachiev,V/1998-9
French Team Ch FRA 1999 (17)}) 9... Nxd4 10. Nb5 (10. Nxd4 Rxd4 (10... Qc5 11.
Ne6) 11. Nb5 Rxd2 12. Qxd2 Qxd2+ 13. Kxd2 {(Kasparov) kommt ebenfalls in
Betracht.}) 10... Qb6 11. Nbxd4 e5 (11... Rxd4 $6 12. Nxd4 Qxd4 13. Qe2 Qxb2
14. O-O e6 15. Rab1 {1-0 Mitkov,N-Golubovic,B/Pula CRO 2000/The Week in Chess
284 (34) ist extrem riskant.}) 12. g4 (12. Nf5 e4 13. Neg3 Bc5 ({Ich weiß
natürlich nicht, welche Verbesserung Tkachiev in petto hat, aber eine
Möglichkeit ist} 13... exf3 14. gxf3 Re8+ 15. Kf1 Qc6 $44) 14. b4 Bg1 (14...
Bf2+ $5 15. Kf1 e3 $44) 15. Qe2 exf3 16. Ne7+ Kb8 17. gxf3 Rxd2 18. Qxd2 Bxf3
19. Rd1 Bxd1 20. Kxd1 Be3 21. Qd3 Ng4 22. Ne4 Ne5 23. Qd5 Bf4 {1-0 Palac,
M-Tkachiev,V/Pula CRO 1999 (23)}) 12... Bg6 (12... Nxg4 13. fxg4 Bxg4 14. Nb5
a6 15. Nbc3 Be7 16. Qc1 Qc6 $44 {(Morozevich)}) 13. g5 Nh5 $6 (13... Rxd4 14.
Nxd4 Qxd4 15. Qe2 Qh4+ $44) 14. Nb3 Qc6 15. Bd3 Bxd3 16. cxd3 Rxd3 17. Rc1 Qxf3
18. Rf1 Qe4 19. Qc2 $1 ({Nach} 19. Rxf7 {könnte es wie folgt weitergehen:} Nf4
20. Rcxc7+ Kd8 21. Rcd7+ Ke8 22. Rxf4 exf4 23. Rxd3 Qh1+ 24. Ng1 Qxg1+ 25. Ke2
Qg2+ 26. Ke1 Qg1+ $11) 19... c6 20. Na5 (20. Rxf7 $5) 20... Be7 21. Qc4 Rd4 22.
Qb3 $2 (22. Qb5 $142 $1 Rd7 23. Nxc6 bxc6 24. Rxc6+ Rc7 25. Qa6+ Kb8 26. Rxc7
Kxc7 27. Qxa7+ $18) 22... Rd7 23. Qh3 Rhd8 24. Nc4 Nf4 25. Bxf4 exf4 26. Rxf4
Qh1+ 27. Rf1 Qd5 28. Rf5 Qe6 29. Qf1 $2 (29. Ne5 g6 30. Nxd7 gxf5 31. Nf6 $16 {
(Kasparov)}) 29... h6 30. Re5 (30. Re5 Qg4 31. Qg1 Qxg1+ 32. Nxg1 Bxg5 33. Rc2
Bf6 34. Ree2 Rd1+ 35. Kf2 Bd4+ 36. Ne3 f5 $17) 1/2-1/2

[Event "Najdorf Memorial 8th"]
[Site "Buenos Aires"]
[Date "1997.05.25"]
[Round "6"]
[White "Campora, Daniel Hugo"]
[Black "Wolff, Patrick G"]
[Result "1-0"]
[WhiteElo "2555"]
[BlackElo "2575"]
[Annotator "Mueller,Karsten"]
[PlyCount "103"]
[EventDate "1997.05.19"]
[EventType "tourn"]
[EventRounds "9"]
[EventCountry "ARG"]
[EventCategory "13"]
[SourceTitle "CBM 060"]
[Source "ChessBase"]
[SourceDate "1997.09.29"]
[SourceVersion "1"]
[SourceVersionDate "1997.09.29"]
[SourceQuality "1"]

1. e4 d5 2. exd5 Qxd5 3. Nc3 Qa5 4. d4 c6 5. Nf3 Nf6 6. Bc4 Bf5 7. Bd2 e6 8.
Nd5 Qd8 9. Nxf6+ Qxf6 10. O-O ({Shirovs Zug} 10. Qe2 $5 {ist viel aggressiver:}
Bg4 11. d5 Bxf3 12. gxf3 cxd5 13. Bxd5 Nd7 14. O-O-O Ba3 15. c3 O-O 16. Be4 Be7
$2 (16... Bc5 $5 $14 {(Shirov)}) 17. h4 $1 {Shirov} (17. Bxh7+ $5 Kxh7 18. Qd3+
Kg8 19. Qxd7 $14 {Shirov-Salov, Torneo Mag. Madrid/1997/1-0/ CBM 59 [Finkel]})
17... h6 18. Bg5 $1 hxg5 19. Bh7+ $3 Kh8 20. hxg5 $18 {+/- CBM 59-6..Bf5 7.Bd2
/ 10.Qe2/ Survey 1997/CBM 59/[Ftacnik]}) (10. c3 Nd7 11. Qb3 Nb6 12. O-O-O Bd6
$11 {1/2-1/2 Donev,I-Bacrot,E/Biel Credis (07)/1995 (40)}) (10. Ne5 Nd7 11. Qe2
(11. Nxd7 Kxd7 12. c3 Qg6 13. O-O Bd6 14. Re1 h5 15. Bf1 h4 $11 {1-0 Emms,
J-Haveland,B/Gausdal TM 1996/EXP 51 (27)}) 11... Nxe5 12. dxe5 Qg6 13. f3 h5 {
1/2-1/2 Schmittdiel,E-Van der Werf,M/Wijk op (10)/1993/}) 10... Nd7 (10... Bg4
$5) 11. c3 Bd6 12. Bg5 Qg6 13. Qd2 {In der Folge ist besonders interessant,
wie Campora es versteht, seine leichte Initiative aufrecht zu erhalten.} h6 14.
Bf4 Be7 (14... Bxf4 15. Qxf4 O-O-O 16. Nh4 Qg4 17. Qg3 $14) 15. Rfe1 O-O 16.
Bg3 Rac8 17. Nh4 Bxh4 18. Bxh4 c5 19. Bf1 (19. d5 $2 Nb6 20. b3 Be4 {geht
nicht.}) (19. Bb5 $5 Nf6 20. dxc5 Rxc5 21. Bf1 $14) 19... Qh5 20. Be7 $5 (20.
Bg3 Rfd8 $11) 20... Rfe8 21. Bxc5 Nxc5 22. dxc5 Rxc5 {[%cal Gd2d7] Weiß steht
zwar nur minimal besser (Bauernmehrheit am Damenflügel, die schwarze Figuren
stehen etwas unkoordiniert), die Stellung ist aber sehr angenehm zu spielen.}
23. Qd7 Rb8 24. Rad1 Qg5 25. Rd6 Rcc8 26. Qa4 a6 27. Qd4 Rc7 28. Rd1 Rbc8 29.
h4 Qe7 30. g3 e5 31. Qe3 Rd7 32. Rxd7 Bxd7 33. Bg2 Bc6 34. Bxc6 Rxc6 {die
Abtäusche haben Schwarz etwas (aber nicht vollständig) entlastet.} 35. Rd5 Re6
36. Qe4 h5 (36... b5 $5 {hätte den Bauernvormarsch am Damenflügel erschwert.})
37. c4 g6 38. c5 Kg7 39. b4 Qc7 40. Qd3 Qe7 $2 {vermutlich in Zeitnot macht
Wolff den entscheidenden Fehler} (40... Re7 $14) 41. Rd7 $1 $18 Qf6 42. Rxb7 e4
43. Qe3 Qb2 (43... Qa1+ 44. Kg2 Qxa2 $2 45. Qd4+ Rf6 46. Rb6 $18) 44. a3 Rf6
45. Rd7 Rf3 46. Qd4+ Qxd4 47. Rxd4 Rxa3 (47... e3 48. fxe3 Rxe3 49. Rc4 Rxg3+
50. Kf2 Rd3 51. c6 Rd8 52. c7 Rc8 53. a4 $18) 48. Rxe4 a5 $6 (48... Rc3 49. Kf1
Kf6 (49... a5 50. bxa5 Rxc5 51. Ra4 $18) 50. Ke2 $18) 49. b5 $1 Rc3 50. c6 Rc5
51. Re8 a4 52. b6 1-0